Central Library OPAC University of Rajshahi

World history encyclopedia / (Record no. 27872)

MARC details
000 -LEADER
fixed length control field 01559cam a22003014a 4500
001 - CONTROL NUMBER
control field 27872
003 - CONTROL NUMBER IDENTIFIER
rucl marc code BD-RjUL
005 - DATE AND TIME OF LATEST TRANSACTION
control field 20211209051219.0
008 - FIXED-LENGTH DATA ELEMENTS--GENERAL INFORMATION
fixed length control field 140327s2011 cauab be 001 0 eng
020 ## - INTERNATIONAL STANDARD BOOK NUMBER
International Standard Book Number 9781851099290 (hard copy : alk. paper)
International Standard Book Number 9781851099306 (ebook)
035 ## - SYSTEM CONTROL NUMBER
System control number (BD-RjUL)27952
040 ## - CATALOGING SOURCE
Original cataloging agency DLC
Transcribing agency DLC
Modifying agency DLC
-- BD-RjUL
Language of cataloging eng
041 ## - LANGUAGE CODE
Language code of text/sound track or separate title eng
082 00 - DEWEY DECIMAL CLASSIFICATION NUMBER
Classification number R 909
Edition number 22
Author mark and year WOR V-11 2011
245 00 - TITLE STATEMENT
Title World history encyclopedia /
Statement of responsibility, etc. Alfred J. Andrea, general editor ; Carolyn Neel, associate general editor.
Number of part/section of a work V-11
Name of part/section of a work Era-6 : The First Global Age, 1450-1770.
260 ## - PUBLICATION, DISTRIBUTION, ETC. (IMPRINT)
Place of publication, distribution, etc. Santa Barbara, Calif. :
Name of publisher, distributor, etc. ABC-CLIO,
Date of publication, distribution, etc. c2011.
300 ## - PHYSICAL DESCRIPTION
Pagination 21 v. :
Illustrations ill., maps ;
Size 29 cm.
504 ## - BIBLIOGRAPHY, ETC. NOTE
Bibliography, etc Includes bibliographical references and index.
505 0# - FORMATTED CONTENTS NOTE
Formatted contents note v. 1. Introduction -- v. 2. Era 1: Beginnings of human society -- v. 3-4. Era 2: Early civilizations, 4000-1000 BCE -- v. 5-6. Era 3: Classical traditions, 1000 BCE-300 CE -- v. 7-8. Era 4: Expanding regional civilizations, 300-1000 -- v. 9-10. Era 5: Intensified hemispheric interactions, 1000-1500 -- v. 11-13. Era 6: The first global age, 1450-1770 -- v. 14-16. Era 7: The age of revolutions, 1750-1914 -- v. 17-18. Era 8: Crisis and achievement, 1900-1945 -- v. 19-20. Era 9: Promises and paradoxes, 1945-present -- v. 21. Index.
650 #0 - SUBJECT ADDED ENTRY--TOPICAL TERM
Topical term or geographic name as entry element World history
Form subdivision Encyclopedias.
9 (RLIN) 85470
Topical term or geographic name as entry element History
Form subdivision Encyclopedias.
9 (RLIN) 56127
700 1# - ADDED ENTRY--PERSONAL NAME
Personal name Andrea, Alfred J.
Dates associated with a name 1941-
Personal name Neel, Carolyn.
942 ## - ADDED ENTRY ELEMENTS (KOHA)
Source of classification or shelving scheme Dewey Decimal Classification
Koha item type Reference
Holdings
Lost status Source of classification or shelving scheme Damaged status Not for loan Collection code Permanent Location Current Location Shelving location Date acquired Source of acquisition Cost, normal purchase price Total Checkouts Full call number Date last seen Copy number Koha item type
  Dewey Decimal Classification   Added to bundle Reference Central Library, University of Rajshahi Central Library, University of Rajshahi   23/03/2014 Paragon Enterprise,Dhaka. 7166.67   R 909 WOR V-11 2011 27/03/2014 C-1 Reference